<Das> EWR-Kartellrecht

Salvato in:
Dettagli Bibliografici
Altri autori: Gugerbauer, Norbert
Natura: Libro
Lingua:tedesco
Pubblicazione: Wien Manz 1993
Edizione:1. Aufl.
Soggetti:
Tags: Aggiungi Tag
Nessun Tag, puoi essere il primo ad aggiungerne!!

MARC

LEADER 00000nam a2200000 4500
001 c003213
005 20221214083945.2
020 |a 3-214-06188-7 
041 0 |a ger 
044 |a AT 
245 1 0 |a <Das> EWR-Kartellrecht  |c Edit. Norbert Gugerbauer 
250 |a 1. Aufl. 
264 1 |a Wien  |b Manz  |c 1993 
300 |a 443 s. 
610 2 0 |a právo hospodárske 
610 2 0 |a predpisy právne 
610 2 0 |a zákony 
610 2 0 |a Európa 
610 2 0 |a zmluvy hospodárske 
610 2 0 |a kartely 
610 2 0 |a EZVO 
610 2 0 |a konkurencia 
610 2 0 |a fúzie 
610 2 0 |a EHP 
700 1 |a Gugerbauer, Norbert